[Event "CZE-tht Extraliga 2017-18"]
[Site "Czech Republic"]
[Date "2017.12.03"]
[Round "4.1"]
[White "Najer, Evgeniy"]
[Black "Rodshtein, Maxim"]
[Result "1/2-1/2"]
[WhiteElo "2693"]
[BlackElo "2688"]
[Annotator "TA"]
[PlyCount "47"]
[EventDate "2017.??.??"]
[EventType "team-tourn"]
[EventCountry "CZE"]
[SourceTitle "playchess.com"]
[Source "ChessBase"]
[SourceQuality "1"]

{[%evp 23,47,0,0,0,59,44,45,16,22,22,16,11,48,20,54,44,44,47,39,42,41,53,43,10,7,0]} 1. e4 e5 2. Nf3 Nc6 3. Bc4 Bc5 4. c3 Nf6 5. d4 exd4 6. e5 d5 7. Bb5 Ne4 8. cxd4 Bb6 9. Nc3 O-O 10. Be3 {C54: Giuoco Piano: 4 c3 Nf6, main lines with 5 d4 and 5 d3} Bg4 (10... f6 11. Qb3 Ba5 12. O-O Bxc3 13. bxc3 Na5 14. Qb4 b6 15. exf6 Qxf6 16. Ne5 Nd6 17. Be2 Be6 {1-0 (45) Najer,E (2679)-Rodshtein,M (2701) Poikovsky 2017}) 11. h3 Bh5 12. Qc2 Ba5 {LiveBook: 5 Games} (12... Bg6 13. Qb3 Ne7 14. O-O c6 15. Bd3 Ng3 16. Rfd1 Bxd3 17. Rxd3 Ngf5 {½-½ (65) Naiditsch,A (2702)-Kramnik,V (2794) Antalya 2017}) 13. O-O Bxc3 $146 (13... Bxf3 $11 14. gxf3 Nxc3 15. bxc3 Qd7) ({Predecessor:} 13... Bg6 14. Qb3 Bxc3 15. bxc3 Na5 16. Qa3 c6 17. Bd3 Nd2 18. Nxd2 Bxd3 {½-½ (40) Ryska,J (1883)-Wiener,R (2077) ICCF email 2012}) 14. bxc3 $14 Na5 15. Nd2 Bg6 16. Qb2 c6 {[#] Strongly threatening ...Nxd2.} 17. Be2 f5 {Black wants to play ...f4.} 18. Nxe4 fxe4 19. Qb4 b6 20. c4 dxc4 21. Bxc4+ Nxc4 22. Qxc4+ Qd5 23. Qxd5+ cxd5 24. Rfc1 {Precision: White = 71%, Black = 65%.} 1/2-1/2

[Event "CZE-tht Extraliga 2017-18"]
[Site "Czech Republic"]
[Date "2017.12.03"]
[Round "4.1"]
[White "Mista, Aleksander"]
[Black "Harikrishna, P."]
[Result "1/2-1/2"]
[WhiteElo "2597"]
[BlackElo "2738"]
[Annotator "TA"]
[PlyCount "96"]
[EventDate "2017.??.??"]
[EventType "team-tourn"]
[EventCountry "CZE"]
[SourceTitle "playchess.com"]
[Source "ChessBase"]
[SourceQuality "1"]

{[%evp 31,96,0,18,0,0,-10,-11,-11,0,-7,0,-21,-8,-15,-15,-9,-13,-15,9,-17,0,0,0,0,0,0,0,0,0,0,0,0,24,-50,-55,-43,-26,-22,-8,0,0,0,0,0,0,0,0,0,0,0,0,0,0,0,0,0,0,0,0,0,6,0,0,0,0,0,0]} 1. e4 c5 2. Nf3 e6 3. d4 cxd4 4. Nxd4 Nc6 5. Nc3 Qc7 6. Be2 Nf6 7. Be3 a6 8. O-O Be7 9. f4 d6 10. Kh1 O-O 11. Qe1 Nxd4 12. Bxd4 b5 13. a3 Bb7 14. Qg3 Bc6 15. Rae1 Rad8 16. Bf3 {B85: Sicilian Scheveningen: 6 Be2 a6, lines with early Be3} (16. Bd3 Qd7 17. Nd1 Nh5 18. Qg4 Nf6 19. Qg3 Nh5 20. Qg4 {½-½ (20) Inarkiev,E (2683)-Harikrishna,P (2738) Palma de Mallorca 2017}) 16... Ne8 {LiveBook: 5 Games} 17. Qf2 {And now Bb6 would win.} Rb8 $146 ({Predecessor:} 17... Rc8 18. Bb6 Qd7 19. Rd1 Qb7 20. Qe3 Nf6 21. Bd4 a5 22. Bxf6 Bxf6 23. Rxd6 {0-1 (44) Orlov,V (2405)-Kalegin,E (2495) St Petersburg 1996}) 18. Qd2 e5 19. Be3 exf4 20. Bxf4 Bf6 21. Rd1 Be5 22. Bg4 Qe7 23. Bf5 Bxf4 24. Qxf4 g6 (24... b4 {is more complex.} 25. Nd5 Bxd5 26. exd5 bxa3 27. bxa3 Nf6) 25. Bh3 Qe5 26. Qxe5 dxe5 27. Bd7 Ba8 28. Bxe8 Rbxe8 29. Rf6 a5 30. Nxb5 Bxe4 31. c4 Rb8 32. b4 (32. Kg1 $11) 32... axb4 $15 33. axb4 Bc2 34. Rd5 $1 Bb3 {The position is equal.} 35. Rc6 e4 {[#] White must now prevent ...e3.} 36. Kg1 e3 37. Re5 Rfd8 {[%cal Rd8d1]} 38. Rxe3 Bxc4 39. Rxc4 {[#] aiming for Nd4.} Rxb5 $11 {[%mdl 4096] Endgame KRR-KRR} 40. Kf2 Rd1 41. Re1 Rf5+ 42. Ke2 Rd6 43. Re4 Rfd5 44. Kf3 Rd2 45. R1e2 Rf6+ 46. Kg3 Rd1 47. Re1 Rd2 48. R1e2 Rd1 {Precision: White = 64%, Black = 63%.} 1/2-1/2

[Event "CZE-tht Extraliga 2017-18"]
[Site "Czech Republic"]
[Date "2017.12.03"]
[Round "4.1"]
[White "Miton, Kamil"]
[Black "Michalik, Peter"]
[Result "1-0"]
[WhiteElo "2596"]
[BlackElo "2549"]
[Annotator "TA"]
[PlyCount "55"]
[EventDate "2017.??.??"]
[EventType "team-tourn"]
[EventCountry "CZE"]
[SourceTitle "playchess.com"]
[Source "ChessBase"]
[SourceQuality "1"]

{[%evp 11,55,24,20,0,0,0,8,9,38,34,42,30,54,70,56,40,73,62,61,73,94,118,114,115,161,163,168,166,154,169,297,297,300,285,293,299,297,285,298,288,302,288,309,313,335,270]} 1. e4 e5 2. Nf3 Nc6 3. Bc4 Bc5 4. c3 Nf6 5. d3 O-O 6. Nbd2 a5 {LiveBook: 9 Games. C54: Giuoco Piano: 4 c3 Nf6, main lines with 5 d4 and 5 d3} 7. Bb3 b5 $146 ({Predecessor:} 7... d5 8. O-O Bg4 9. h3 Bh5 10. a3 b5 11. Qe2 a4 12. Ba2 d4 13. g4 Bg6 14. Rd1 Kh8 15. Nf1 Nd7 16. Ng3 f6 {½-½ (16) Mamedov,R (2627)-Adams,M (2735) Cala Mayor 2008}) 8. a4 b4 {The position is equal.} 9. O-O Bb7 10. Nc4 d5 11. exd5 Nxd5 12. Ncxe5 Nxe5 13. Nxe5 bxc3 14. bxc3 Bd6 15. d4 Bxe5 16. dxe5 Nxc3 {[#]} 17. Qc2 $1 {[%cal Rc2c3]} Qd4 {[#] White must now prevent ...Bxg2!} 18. Bb2 $1 {[%cal Rb2c3]} Qe4 19. Qxe4 Nxe4 20. Rfc1 $36 {[%mdl 2048] White is really pushing.} Rab8 (20... Ra6 $142) 21. e6 $18 {White has a decisive advantage.} ({Weaker is} 21. Rxc7 Ba6 $16) 21... fxe6 22. Bxe6+ Kh8 23. Rxc7 {[%csl Gc7][%cal Rb2g7]} Nf6 24. Bc3 Rfe8 25. Bf7 Red8 26. Bxa5 Ra8 27. Be1 Ba6 28. Bc4 {Precision: White = 69%, Black = 74%.} 1-0

[Event "CZE-tht Extraliga 2017-18"]
[Site "Czech Republic"]
[Date "2017.12.03"]
[Round "4.1"]
[White "Azarov, Sergei"]
[Black "Huschenbeth, Niclas"]
[Result "1-0"]
[WhiteElo "2552"]
[BlackElo "2601"]
[Annotator "TA"]
[PlyCount "89"]
[EventDate "2017.??.??"]
[EventType "team-tourn"]
[EventCountry "CZE"]
[SourceTitle "playchess.com"]
[Source "ChessBase"]
[SourceQuality "1"]

{[%evp 23,89,14,15,21,25,12,6,0,31,0,64,48,68,65,117,123,169,172,172,170,175,162,191,177,207,200,216,186,195,184,191,188,200,200,186,196,187,202,190,199,225,217,335,322,308,187,243,183,216,214,228,215,206,206,224,212,262,250,356,341,453,437,592,568,850,837,1360,1311]} 1. e4 c5 2. Nf3 d6 3. d4 cxd4 4. Nxd4 Nf6 5. Nc3 a6 6. f4 Qc7 7. Be2 g6 8. O-O Bg7 9. Kh1 O-O 10. a4 Nc6 11. Be3 Bd7 12. Nb3 b6 13. Bf3 {B74: Sicilian Dragon: Classical System with 9 Nb3} Rab8 14. Qe2 Nb4 15. Rfd1 {The position is equal.} Be6 16. h3 $146 ({Predecessor:} 16. Qd2 Rfc8 17. Nd5 Nbxd5 18. exd5 {0-1 (50) Heberla,B (2454)-Stocek,J (2585) Warsaw 2005}) 16... Qc4 (16... Bc4 $11 17. Qd2 Nd7) 17. Nd4 $1 $14 Qxe2 18. Ncxe2 {[#] Black must now prevent c3.} Bd7 ({Black should try} 18... Bc4 $1 $14) 19. c3 $16 {[%cal Bc2c3,Bc3b4,Bb4b5][%mdl 32]} e5 20. cxb4 {Hoping for Nc2.} exd4 21. Bxd4 Be6 22. Nc3 Bb3 23. Rd2 Rfd8 24. b5 a5 25. Re1 Ne8 26. Bd1 Be6 27. Bc2 Rdc8 28. f5 Bc4 29. Bxg7 Kxg7 30. Re3 f6 31. Bb1 Rb7 32. Ba2 d5 (32... Rbc7 {might work better.} 33. Bxc4 Rxc4) 33. Bxc4 $18 (33. exd5 Bxa2 34. Nxa2 gxf5 $18) 33... dxc4 34. Nd5 Nd6 (34... gxf5 {is a better defense.} 35. Rf2 (35. exf5 Rd8 $16) 35... fxe4) 35. Ne7 c3 36. bxc3 Rxc3 37. Rxc3 Nxe4 38. Nd5 Nxd2 39. fxg6 hxg6 {[%mdl 4096] Endgame KRN-KRN} 40. Rc6 Rd7 (40... Nb3 $142 41. Kg1 (41. Rxf6 Rd7 $14) (41. Nxf6 Nc5 $16) (41. Nxb6 Nd4 $18) (41. Rxb6 Rxb6 42. Nxb6 Nc5 $18) 41... g5 42. Rxf6 Nc5 43. Rxb6 Rd7) 41. Nxb6 ({Less strong is} 41. Nxf6 Rd4 $16) 41... Rd4 42. Rc7+ {White is clearly winning.} Kf8 43. Nd7+ Ke7 44. Nc5+ Kd6 {[#]} 45. Rd7+ $1 {Precision: White = 73%, Black = 25%.} 1-0

[Event "CZE-tht Extraliga 2017-18"]
[Site "Czech Republic"]
[Date "2017.12.03"]
[Round "4.1"]
[White "Petenyi, Tamas"]
[Black "Duda, Jan-Krzysztof"]
[Result "0-1"]
[WhiteElo "2454"]
[BlackElo "2710"]
[Annotator "TA"]
[PlyCount "100"]
[EventDate "2017.??.??"]
[EventType "team-tourn"]
[EventCountry "CZE"]
[SourceTitle "playchess.com"]
[Source "ChessBase"]
[SourceQuality "1"]

{[%evp 19,100,-34,-23,-37,-33,-71,-68,-83,-77,-101,-94,-191,-200,-166,-114,-166,-161,-161,-163,-163,-166,-158,-157,-327,-316,-319,-324,-310,-306,-358,-377,-477,-483,-504,-510,-461,-497,-618,-628,-606,-595,-624,-419,-425,-414,-377,-359,-432,-429,-435,-409,-461,-416,-466,-462,-465,-477,-468,-461,-494,-491,-583,-585,-545,-709,-670,-583,-984,-805,-1564,-1568,-1180,-1197,-1170,-1005,-885,-806,-6199,-2585,-29979,-29980,-29980,-29976]} 1. g3 g6 2. Bg2 Bg7 3. c4 c5 4. Nc3 Nc6 5. e3 e5 6. Nge2 Nge7 7. O-O d6 8. b3 O-O 9. Bb2 Be6 10. d3 d5 {LiveBook: 4 Games} 11. cxd5 {A36: Symmetrical English vs ...g6: 4 Bg2 Bg7} Nxd5 12. Na4 Qe7 13. Rc1 {Black is slightly better.} b6 14. a3 $146 ({Predecessor:} 14. Nec3 Rad8 15. Qe2 Qd7 16. Rfd1 f5 17. Rd2 Rfe8 18. Qd1 Nde7 {0-1 (32) Thompson,I (2243)-Gareev,T (2658) Rockville 2012}) 14... Rac8 15. d4 (15. Nac3 $17 Nxc3 16. Rxc3) 15... cxd4 $19 16. exd4 Bh6 (16... Rfd8 $19 17. Re1 (17. dxe5 $2 Ne3 $19) 17... Qe8) 17. Rc2 {[#]} (17. Rxc6 $17 {might work better.} Rxc6 18. dxe5) 17... Ne3 $1 {[%mdl 512]} 18. fxe3 Bxe3+ 19. Kh1 Bxb3 20. Nac3 {[#] Threatens to win with Nd5.} ({But not} 20. Bxc6 $2 Rxc6 21. Nac3 Rf6 $19) 20... Rfd8 $1 {[%cal Re5d4]} ({Weaker is} 20... Bxc2 21. Qxc2 exd4 22. Nd5 $14) 21. Qd3 $2 (21. Nc1 $17 Bxc2 22. Qxc2 Nxd4 23. Qe4 Bxc1 24. Rxc1) 21... exd4 22. Ne4 Bxc2 23. Qxc2 d3 24. Qc3 {[%csl Gb2][%cal Rc3h8]} Ne5 $1 25. Nf6+ Kg7 26. Qxe5 Qxe5 27. Bxe5 {Black must now prevent Nd5+.} dxe2 28. Ng4+ Kg8 29. Nxe3 exf1=Q+ 30. Bxf1 Rc1 31. Kg2 Rd2+ 32. Kf3 Rxh2 33. a4 {[#]} Rxf1+ $1 34. Nxf1 Ra2 35. Ne3 Rxa4 36. Nd5 h5 37. Nf6+ Kf8 38. Bd6+ Kg7 39. Ne8+ Kh6 40. Be5 g5 41. Nd6 Kg6 42. Nc8 f6 43. Bb8 a5 {[%cal Ba7a5,Ba5a4,Ba4a3][%mdl 32]} 44. Nxb6 Rb4 45. Ba7 a4 46. Nd5 Rc4 47. Ne7+ Kh7 {Hoping for ...a3.} 48. Nd5 a3 49. Nxf6+ Kg6 50. Nd7 Rc3+ {Precision: White = 19%, Black = 98%.} 0-1

[Event "CZE-tht Extraliga 2017-18"]
[Site "Czech Republic"]
[Date "2017.12.03"]
[Round "4.1"]
[White "Sorm, Daniel"]
[Black "Balogh, Csaba"]
[Result "0-1"]
[WhiteElo "2314"]
[BlackElo "2632"]
[Annotator "TA"]
[PlyCount "61"]
[EventDate "2017.??.??"]
[EventType "team-tourn"]
[EventCountry "CZE"]
[SourceTitle "playchess.com"]
[Source "ChessBase"]
[SourceQuality "1"]

{[%evp 17,61,0,0,0,6,0,0,-9,0,-1,0,0,0,-8,-8,-8,0,-29,-29,-47,-17,-38,-46,-68,-66,-169,-179,-200,-198,-209,-192,-163,-175,-166,-133,-255,-243,-229,-235,-233,-241,-579,-595,-671,-654,-2525]} 1. d4 Nf6 2. c4 e6 3. Nc3 Bb4 4. e3 O-O 5. Bd3 d5 6. cxd5 exd5 7. Nge2 Re8 8. O-O Bf8 9. Bd2 {E48: Nimzo-Indian: Rubinstein: 5 Bd3 d5 including 6 Ne2, but excluding 6 a3} a5 {LiveBook: 4 Games} (9... b6 10. Rc1 c5 11. Nf4 Bb7 12. Qf3 Na6 13. Rfd1 cxd4 14. exd4 Nc7 15. Bc2 Bd6 {1-0 (44) Carlsen,M (2832)-Karjakin,S (2781) Stavanger 2017}) 10. Rc1 Na6 {[%cal Bb8a6,Ba6c5,Bc5a4,Ba4b6,Bb6c4][%mdl 32]} 11. a3 $146 {The position is equal.} ({Predecessor:} 11. f3 Nb4 12. Bb1 c5 13. g4 b6 14. a3 Nc6 15. Rf2 Ba6 16. Rg2 g6 {½-½ (34) Rakhmanov,A (2570)-Zakhartsov,V (2586) Voronezh 2010}) 11... c6 12. f3 c5 13. Qe1 Bd7 14. Qh4 {[#] aiming for Nxd5!} h6 15. dxc5 Nxc5 16. Bc2 $1 b5 17. b4 axb4 18. axb4 Na4 19. Qd4 Nb6 20. e4 {Threatening e5.} Nc4 21. Bf4 (21. Nxd5 $15 Nxd5 22. exd5) 21... Bxb4 $19 22. Nxd5 Nxd5 23. Qxd5 Qb6+ 24. Kh1 Be6 $36 {[%mdl 2048] White is under strong pressure.} 25. Qh5 Bf8 26. e5 (26. Nc3 $17 {was called for.}) 26... Ne3 27. Bxe3 Qxe3 28. f4 Bc4 29. Bd1 $2 {[#]} (29. Ng3 {nothing else works.}) 29... Ra2 30. Re1 Qf2 31. Qxf7+ {Precision: White = 17%, Black = 80%.} 0-1

[Event "CZE-tht Extraliga 2017-18"]
[Site "Czech Republic"]
[Date "2017.12.03"]
[Round "4.2"]
[White "Navara, David"]
[Black "Bobras, Piotr"]
[Result "1-0"]
[WhiteElo "2732"]
[BlackElo "2512"]
[Annotator "TA"]
[PlyCount "45"]
[EventDate "2017.??.??"]
[EventType "team-tourn"]
[EventCountry "CZE"]
[SourceTitle "playchess.com"]
[Source "ChessBase"]
[SourceQuality "1"]

{[%evp 11,45,5,34,31,60,60,56,48,110,100,139,136,131,157,147,150,147,137,124,83,99,97,98,49,201,203,210,200,408,376,567,546,535,355,493,442]} 1. d4 Nf6 2. Bf4 g6 3. Nc3 d5 4. e3 Bg7 5. h4 (5. Nf3 O-O 6. Be2 c5 7. O-O cxd4 8. exd4 Bg4 9. h3 Bxf3 10. Bxf3 Nc6 11. Ne2 b5 12. c3 e6 13. a3 a5 14. Nc1 b4 15. a4 Ne4 16. Bxe4 dxe4 {½-½ (85) Carlsen,M (2837)-Ding,L (2774) Saint Louis 2017}) 5... h5 6. Nf3 {A45: Trompowsky Attack} Bg4 {LiveBook: 3 Games} 7. Qd2 Bxf3 8. gxf3 {White is slightly better.} O-O $146 ({Predecessor:} 8... c6 9. O-O-O e6 10. e4 Nbd7 11. Bh3 Nb6 12. Qd3 Qe7 {1-0 (48) Kadar,G (2196)-Oltean,G (2133) Hungary 2010}) 9. O-O-O c5 ({Better is} 9... Nc6 $14) 10. dxc5 $16 {[%cal Rc3d5]} Nc6 11. Nxd5 Nxd5 12. Qxd5 Qa5 13. Qb3 e5 14. Bh2 (14. Qxb7 exf4 15. Qxc6 Rab8 $17) 14... Qxc5 15. Rg1 ({Inferior is} 15. Qxb7 Nb4 $17) 15... Rad8 16. Rxd8 Rxd8 17. Bc4 {[%cal Bf1c4,Bc4f7,Bf7g6][%mdl 32]} (17. Qxb7 Nb4 $11) 17... Qd6 $2 (17... Qe7 $1 $14) 18. Bxf7+ $18 Kf8 {[#] ( -> ...Qd2+)} 19. a3 (19. Bxg6 $2 {is a self mate.} Qd2+ 20. Kb1 {[#]} Qd1+ $1 {[%mdl 512]} 21. Rxd1 Rxd1#) 19... Qd2+ $2 (19... Ne7 20. Kb1 Qf6) 20. Kb1 Qxf2 (20... Na5 {is a better defense.} 21. Qe6 Qd7) 21. Bxg6 {[%csl Gg6][%cal Rb3f7]} Qxf3 22. Ka2 a5 23. Rg5 {Precision: White = 65%, Black = 31%.} 1-0

[Event "CZE-tht Extraliga 2017-18"]
[Site "Czech Republic"]
[Date "2017.12.03"]
[Round "4.2"]
[White "Movsesian, Sergei"]
[Black "Cerveny, Martin"]
[Result "1-0"]
[WhiteElo "2667"]
[BlackElo "2387"]
[Annotator "TA"]
[PlyCount "57"]
[EventDate "2017.??.??"]
[EventType "team-tourn"]
[EventCountry "CZE"]
[SourceTitle "playchess.com"]
[Source "ChessBase"]
[SourceQuality "1"]

{[%evp 18,57,49,47,50,37,46,41,33,33,44,46,40,43,70,66,89,104,156,149,168,171,179,179,258,259,256,246,256,266,248,244,260,258,479,501,503,504,497,491,610,583]} 1. e4 c5 2. Ne2 d6 3. g3 Nf6 4. Bg2 Nc6 5. O-O (5. c3 e6 6. d4 Be7 7. d5 exd5 8. exd5 Ne5 9. f4 Ng6 10. c4 h5 11. h3 Bf5 12. Nbc3 Qd7 {½-½ (31) Ma,Q (2637)-Xu,Y (2536) Beijing 2017}) 5... e6 6. d4 {B20: Sicilian: Unusual White 2nd moves} cxd4 7. Nxd4 Bd7 8. c4 Be7 9. Nc3 O-O 10. b3 {LiveBook: 3 Games} a6 11. a4 Qa5 $146 ({Predecessor:} 11... Qc7 12. Ba3 Rfd8 13. Nc2 {1-0 (35) Belov,L-Kozlov,V Volgograd 1977}) 12. Nde2 Rfd8 13. h3 Nb4 14. Bd2 Qc7 15. Be3 {[%cal Bd2e3,Be3d4,Bd4c3][%mdl 32]} Qa5 16. Qd2 Bc6 17. Nd4 d5 {[#]} (17... Bd7 $142) 18. exd5 $1 $16 exd5 19. Nf5 Bf8 {[#] Threatens to win with ...dxc4.} 20. Bd4 $1 Ne8 (20... Ne4 $142 21. Bxe4 dxe4) 21. Nxd5 $18 Bxd5 22. cxd5 ({Don't take} 22. Bxd5 $6 Qc7 $16) 22... Rxd5 23. Bxd5 Qxd5 24. Bc3 Qxf5 25. Bxb4 Qxh3 $2 (25... Nf6 {might work better.} 26. Bxf8 Rxf8) 26. Bxf8 {White is clearly winning.} Kxf8 27. Qb4+ Kg8 28. Qxb7 Rc8 29. Rac1 {Precision: White = 90%, Black = 36%.} 1-0

[Event "CZE-tht Extraliga 2017-18"]
[Site "Czech Republic"]
[Date "2017.12.03"]
[Round "4.2"]
[White "Shengelia, David"]
[Black "Fedorov, Alexei"]
[Result "1/2-1/2"]
[WhiteElo "2557"]
[BlackElo "2582"]
[Annotator "TA"]
[PlyCount "117"]
[EventDate "2017.??.??"]
[EventType "team-tourn"]
[EventCountry "CZE"]
[SourceTitle "playchess.com"]
[Source "ChessBase"]
[SourceQuality "1"]

{[%evp 17,117,22,30,6,22,0,0,-18,-13,-27,0,-43,-52,-48,-36,-120,-109,-142,-155,-149,-159,-155,-157,-157,-172,-167,-161,-254,-248,-285,-277,-261,-201,-210,-133,-133,-60,-46,-18,-113,-121,-122,-121,-129,-129,-121,-71,-77,-75,-76,-70,-102,-78,-70,-77,-71,-16,-16,-16,-33,0,0,0,0,0,0,0,-45,0,0,0,0,0,0,0,0,0,0,0,0,0,0,0,0,0,0,0,0,0,0,0,0,0,0,0,0,0,0,0,0,0,0]} 1. d4 Nf6 2. c4 g6 3. g3 Bg7 4. Bg2 O-O 5. Nf3 d6 6. O-O Nc6 7. Nc3 e5 8. dxe5 {E62: Königsindisch (6...Sc6)} Nxe5 (8... dxe5 9. Bg5 Be6 10. Qc1 Qb8 11. Rd1 Nd7 12. Bh6 f6 13. Bxg7 Kxg7 14. b3 Rf7 15. Qb2 Qf8 16. Rd2 Rd8 17. Rad1 Nb6 18. Rxd8 Nxd8 {½-½ (35) Vidit,S (2721)-Naiditsch,A (2700) Hungary 2017}) 9. b3 Nxf3+ {LiveBook: 5 Partien} 10. exf3 $146 {Weiß hat minimalen Vorteil.} ({Vorgänger:} 10. Bxf3 Bh3 11. Re1 c6 12. Bb2 Re8 13. Qd2 Qa5 14. Rad1 Rad8 15. Nd5 Qxd2 16. Nxf6+ Bxf6 17. Rxd2 Bxb2 18. Rxb2 {½-½ (51) Prohaszka,P (2614)-Liang,A (2554) Saint Louis 2017}) 10... Be6 11. f4 c6 12. Ba3 Qa5 $1 {[%cal Ra5a3]} 13. Qc1 Rfd8 {[%cal Bf8d8,Bd8d4,Bd4c4][%mdl 32]} 14. Rd1 d5 {[%cal Bd6d5,Bd5d4,Bd4d3][%mdl 32]} 15. b4 Qc7 16. c5 (16. cxd5 $1 $15 cxd5 17. Na4) 16... d4 $36 {[%mdl 2048] Weiss muss aufpassen.} 17. Ne2 d3 18. Nc3 Rd4 19. Qd2 Rad8 20. Rac1 Qd7 21. Re1 Bf5 22. f3 (22. Nd1 $142) 22... h5 $19 23. h4 Rc4 24. Kh2 Re8 25. Ne4 Rcxe4 (25... Nxe4 26. fxe4 Rxc1 27. Bxc1 $15) 26. fxe4 Nxe4 (26... Rxe4 $17 27. Bxe4 Bxe4) 27. Bxe4 $15 Bxe4 28. Rcd1 (28. Rb1 $1 $11 {war der einzige Weg, das Gleichgewicht zu behalten.}) 28... Qd4 $17 29. Qe3 {[#] Und Dxd4 würde nun gewinnen.} Kf8 30. Qxd4 Bxd4 31. Bc1 f5 {[%mdl 1024] Schwarz hat starke Kompensation.} 32. Be3 Bf6 33. Kg1 Kf7 34. Bd2 Ke6 35. Kf1 Kd5 36. Rb1 b6 (36... Bd4 $17) 37. cxb6 $1 $11 axb6 {Weiss muss nun ...Ta8 beachten.} 38. a4 $1 c5 39. bxc5 bxc5 40. a5 Bd4 41. Rb7 Re6 42. Rd7+ Kc4 (42... Kc6 $5 {[%cal Rc6d7]} 43. Rd8 Kc7 $15) 43. Rd8 {Die Stellung ist ausgeglichen.} Kb5 44. Rb8+ Ka6 45. Reb1 c4 {[#] Und weiter mit ...c3 wäre nett.} 46. Rd8 Ba7 47. Rc8 Rc6 48. Rxc6+ Bxc6 {[%mdl 4096] Endspiel KTL-KL} 49. Bc3 Be4 50. Rb4 Bd5 51. Ke1 Be6 52. Kd2 Bd5 ({Natürlich nicht} 52... Bf2 $6 53. Rb8 $16) 53. Rb1 Be4 ({Viel schlechter ist} 53... Bf2 $6 54. Rb8 $16) 54. Rb2 Bc6 55. Rb1 Be4 56. Be5 Bf2 57. Bc3 Ba7 ({Nicht} 57... Bxg3 $2 58. Rb6+ Ka7 59. Ke3 $18) 58. Be5 Bf2 59. Bc3 {Precision: Weiß = 64%, Schwarz = 70%.} 1/2-1/2

[Event "CZE-tht Extraliga 2017-18"]
[Site "Czech Republic"]
[Date "2017.12.03"]
[Round "4.2"]
[White "Ftacnik, Lubomir"]
[Black "Stocek, Jiri"]
[Result "1/2-1/2"]
[WhiteElo "2537"]
[BlackElo "2567"]
[Annotator "TA"]
[PlyCount "122"]
[EventDate "2017.??.??"]
[EventType "team-tourn"]
[EventCountry "CZE"]
[SourceTitle "playchess.com"]
[Source "ChessBase"]
[SourceQuality "1"]

{[%evp 13,122,18,44,-10,-11,0,0,0,-2,-88,0,0,17,9,37,7,19,18,10,-10,0,0,0,0,-6,-19,0,0,0,0,0,0,0,0,0,0,0,0,-9,-11,0,0,0,0,0,0,0,0,0,-53,-47,-47,-47,-91,-47,-103,-98,-141,-139,-141,-143,-127,-134,-143,-143,-142,-140,-142,-142,-150,-150,-237,-230,-230,-8,-8,-17,-29,-32,-39,-48,-77,-15,-141,-108,-25,-8,-143,0,0,0,0,0,0,0,0,0,0,0,0,-8,-148,-148,-163,0,0,0,0,0,0,0]} 1. Nf3 d5 2. d4 Nf6 3. c4 dxc4 4. e3 Bg4 5. Bxc4 e6 6. h3 Bh5 7. O-O a6 {LiveBook: 111 Games} 8. g4 {D22: Queen's Gambit Accepted: 3 Nf3 a6 4 e3} (8. Nc3 $14) 8... Bg6 $11 9. Ne5 Nbd7 10. Nxg6 hxg6 11. Qf3 {[#]} (11. Kg2 $1 $11) 11... c5 $146 (11... Nh7 $1 $17 {[%cal Rh7g5]} 12. e4 Ng5 13. Bxg5 Qxg5) ({Predecessor:} 11... Nh7 12. Qg3 Ng5 13. f4 Bd6 14. Rd1 Rxh3 15. Qg2 Nf3+ {0-1 (15) Doric,D (2404)-Stevic,H (2512) Bizovac 2006}) 12. Rd1 cxd4 13. exd4 Rc8 14. Bf1 Nd5 15. Nc3 N7b6 16. Bd2 Bb4 17. Nxd5 Qxd5 18. Qd3 Bxd2 19. Rxd2 O-O 20. Bg2 Qd7 21. d5 Nxd5 22. Bxd5 exd5 23. Qxd5 Qxd5 24. Rxd5 {[%mdl 4096] Endgame KRR-KRR} Rc2 25. Re1 Rxb2 26. a4 b5 27. axb5 Rxb5 28. Rd6 Ra8 29. Re7 Rb4 30. Rdd7 Rf4 31. Ra7 (31. g5 $11) 31... Rxa7 $15 32. Rxa7 {KR-KR} Ra4 33. Ra8+ Kh7 34. Ra7 {[#]} (34. g5 $15) 34... f6 $1 $17 35. Kg2 g5 36. Kg3 a5 37. Kg2 Ra3 38. Kh2 a4 39. Kg2 Ra2 40. Kf3 a3 41. Kg3 Ra1 42. Kh2 (42. Ra8 $17 {keeps fighting.}) 42... Kg8 $19 43. Kg2 g6 $2 ({Black should play} 43... a2 $19 44. Kf3 Kf8) 44. Kf3 $11 Kf8 45. Kg2 Ke8 46. Ra6 Ke7 {aiming for ...a2.} 47. Kf3 Kf7 (47... f5 $17 48. Ke2 a2) 48. Kg2 (48. Ke2 $1 $11) 48... f5 49. Kf3 Ke7 50. Kg2 (50. Ke2 $1 $11 {was the only way to keep the balance.}) 50... a2 (50... Kd7 $17 51. Rxg6 a2) 51. Kh2 Kd7 52. Kg2 Kc7 53. Ra8 Kd6 54. Ra5 $1 Ke6 {Strongly threatening ...Kd6.} 55. Ra8 Ke5 {White must now prevent ...Ke4.} 56. Ra5+ Ke4 {...Kd3 is the strong threat.} 57. Ra4+ (57. Ra8 $11 {keeps the balance.} Kd3 58. Kf3) 57... Kd3 $17 58. Ra8 f4 $2 ({Better is} 58... Kc2 $19 {Threatens to win with ...Kb3.} 59. Rc8+ Kb3 60. Rb8+ Kc4 61. Rc8+ Kd5) 59. Rd8+ $11 {The position is equal.} Ke2 {( -> ...Rg1+!)} 60. Re8+ Kd2 61. Rd8+ Ke2 {Precision: White = 60%, Black = 46%.} 1/2-1/2